| 000 | 01033nam a22002777a 4500 | ||
|---|---|---|---|
| 005 | 20090520150623.0 | ||
| 008 | 081128t xxu||||| |||| 00| 0 eng d | ||
| 010 | _aENG-93627 | ||
| 020 |
_a9788120336407 _c495.00 |
||
| 035 | _aEN-77160 | ||
| 037 | _bDBAD / PUB | ||
| 040 |
_adpl _bEnglish |
||
| 082 | _a621.367 | ||
| 100 | _aGonzalez, Rafael C. | ||
| 110 | _aCareer Launcher | ||
| 245 |
_aDigital image processing / _cby Rafael C. Gonzalez [and] Richard E. Woods |
||
| 250 | _a3rd ed. | ||
| 260 |
_aNew Delhi _bPHI Learning _c2008 |
||
| 270 |
_aM-97, Connaught Circus, _bNew Delhi _e110001 |
||
| 300 |
_axxii, 954p.: _c24cm(pbk) _bill. |
||
| 500 | _aIncludes bibliographical references and index | ||
| 650 |
_aImage processing _xDigital techniques |
||
| 700 | _aWoods, Richard E. | ||
| 942 |
_2ddc _cEN _mGON _h621.367 |
||
| 999 |
_c26631 _d26631 |
||